Degradation studies related to the plasticity retention index of the standard Malaysian rubber scheme. II. Kinetics of degradation (Record no. 56781)

MARC details
000 -LEADER
fixed length control field 00454nam a2200133Ia 4500
100 ## - MAIN ENTRY--AUTHOR NAME
Personal name Sambhi Manjit Singh
245 #0 - TITLE STATEMENT
Title Degradation studies related to the plasticity retention index of the standard Malaysian rubber scheme. II. Kinetics of degradation
260 ## - PUBLICATION, DISTRIBUTION, ETC. (IMPRINT)
Name of publisher Journal of Natural Rubber Research
Year of publication 1988
300 ## - PHYSICAL DESCRIPTION
Number of Pages 107-114
650 ## - SUBJECT ADDED ENTRY--TOPICAL TERM
Topical Term Plasticity retention index
650 ## - SUBJECT ADDED ENTRY--TOPICAL TERM
Topical Term SMR
942 ## - ADDED ENTRY ELEMENTS (KOHA)
Koha item type Journals
Holdings
Withdrawn status Lost status Damaged status Not for loan Home library Current library Date acquired Serial Enumeration / chronology Koha item type
      Journals RRII Library RRII Library 17/12/2021 Volume 3, Issue 2 Journals